| Record ID | marc_records_scriblio_net/part23.dat:62270810:792 |
| Source | Scriblio |
| Download Link | /show-records/marc_records_scriblio_net/part23.dat:62270810:792?format=raw |
LEADER: 00792cam 2200241 a 4500
001 92247240 //r96
003 DLC
005 19960411071836.0
008 921208s1991 ag b 000 0 spa
010 $a 92247240 //r96
020 $a950050667X
040 $aDLC$cDLC$dDLC
043 $as-ag---
050 00 $aLA546$b.B687 1991
082 00 $a370/.982$220
100 1 $aBravo, Héctor Félix.
245 13 $aLa transformación educacional :$bpropuestas progresistas /$cHéctor Félix Bravo.
260 $aBs. As. [i.e. Buenos Aires] :$bCorregidor,$cc1991.
300 $a223 p. ;$c20 cm.
504 $aIncludes bibliographical references.
650 0 $aEducation$xAims and objectives$zArgentina.
650 0 $aSchool management and organization$zArgentina.
650 0 $aEducational change$zArgentina.